| 000 | 00000nas 2200000za 4500 |
| 001 | 9.826245 |
| 003 | CaOODSP |
| 005 | 20221107144536 |
| 007 | cr ||||||||||| |
| 008 | 161024d19271959oncar p oss f0###a0eng|d |
| 040 | |aCaOODSP|beng |
| 043 | |an-cn--- |
| 086 | 1 |aCS41-203E-PDF |
| 245 | 04|aThe primary iron and steel industry in Canada |h[electronic resource]. |
| 246 | 13|aProduction of iron and steel in Canada|f1934 |
| 246 | 13|aPrimary iron and steel industry|f1948-1959 |
| 260 | |a[Ottawa] : |bDominion Bureau of Statistics, Mining, Metallurgical and Chemical Branch, |c[1928?]-1961. |
| 310 | |aAnnual |
| 362 | 0 |a1927-1959. |
| 490 | 0 |aAnnual bulletin |
| 500 | |aIssues for 1935-1948 published in series: Annual industry bulletin. |
| 500 | |aDigitized edition from print [produced by Statistics Canada]. |
| 515 | |aNot published 1931. |
| 520 | |a"Statistics for the primary iron and steel industry include data for all establishments in Canada which were engaged chiefly in the manufacture of (a) pig iron, (b) ferro-alloys, (c) steel ingots and steel castings, (d) hot rolled steel products, (e) cold-drawn steel bars, strips and shapes."--p. 5, 1958. |
| 550 | |aIssued 1945-1946 by Mining, Metallurgical & Chemical Statistics; 1947-1952 by Mining, Metallurgical & Chemical Section; 1953-1956 by Metal and Chemical Products Section; 1957-1959 by Industry and Merchandising Division. |
| 692 | 07|2gccst|aMetalworking industry |
| 692 | 07|2gccst|aStatistics |
| 710 | 1 |aCanada. |bDominion Bureau of Statistics. |bMining, Metallurgical and Chemical Section. |
| 710 | 1 |aCanada.|bCensus of Industry.|bMining, Metallurgical and Chemical Statistics. |
| 710 | 1 |aCanada. |bDominion Bureau of Statistics. |bMetal and Chemical Products Section. |
| 710 | 1 |aCanada. |bDominion Bureau of Statistics. |bIndustry and Merchandising Division. |
| 710 | 1 |aCanada. |bCensus of Industry. |bMining, Metallurgical & Chemical Branch. |
| 785 | 00|tIron and steel mills |w(CaOODSP)9.826246 |